Los encomenderos de Chiloé
Gespeichert in:
| 1. Verfasser: | |
|---|---|
| Format: | Buch |
| Sprache: | Spanisch |
| Veröffentlicht: |
Santiago
Universidad Católica de Chile
2002
|
| Schriftenreihe: | Investigaciones
|
| Schlagworte: | |
| Tags: |
Tag hinzufügen
Keine Tags, Fügen Sie den ersten Tag hinzu!
|
MARC
| LEADER | 00000nam a2200000 a 4500 | ||
|---|---|---|---|
| 001 | UCM8714 | ||
| 003 | CL-VaPUC | ||
| 008 | 030321e20020000CL |||||||||||||||||spa|d | ||
| 020 | |a 9561406799 | ||
| 082 | 0 | 4 | |a 983.56 |b GUA |2 21 |
| 100 | |a Guarda Geywitz, Gabriel |e autor |9 570466 | ||
| 245 | 1 | 4 | |a Los encomenderos de Chiloé |
| 300 | |a 504 p | ||
| 942 | |c BK | ||
| 945 | |d 20030321 00:00:00 |a cmena | ||
| 260 | |a Santiago |b Universidad Católica de Chile |c 2002 | ||
| 650 | 7 | |a HISTORIA DE CHILOE |2 CL-VaPUC |9 474076 | |
| 650 | 7 | |a ENCOMENDEROS |2 CL-VaPUC |9 474874 | |
| 650 | 0 | |a Historia social |9 313638 | |
| 651 | 0 | |a Chiloé |9 265209 | |
| 583 | |a last modification |c 20030321 00:00:00 |k Rodrigo Vera | ||
| 490 | 0 | |a Investigaciones | |
| 999 | |c 303158 |d 303156 | ||
| 952 | |0 0 |1 0 |4 0 |6 983_560000000000000_GUA_2002 |7 0 |8 A |9 364281 |a BIBTEO |b BIBTEO |d 2019-11-21 |i 3882063 |o 983.56 GUA 2002 |p 3882063 |r 2025-01-17 |w 2019-11-21 |y BK |k ICR | ||
| 952 | |0 0 |1 0 |4 0 |6 983_560000000000000_GUA_2002 |7 0 |8 A |9 364282 |a BIBHIS |b BIBHIS |d 2019-11-21 |i 3896099 |o 983.56 GUA 2002 |p 3896099 |r 2025-01-20 |w 2019-11-21 |y BK |k HIS | ||
| 952 | |0 0 |1 0 |4 0 |6 983_560000000000000_GUA_2002 |7 0 |8 A |9 364283 |a BIBHIS |b BIBHIS |d 2019-11-21 |i 3933199 |o 983.56 GUA 2002 |p 3933199 |r 2025-01-20 |w 2019-11-21 |y BK |k HIS | ||